Komunikace a řízení lidských zdrojů
Komunikácia je jednou zo základných podmienok fungovania organizácie. Komunikovanie je prvoradou úlohou riadenia. Komunikácia je sociálny proces. Formálna a neformálna komunikácia. Komunikácia podporuje zamestnanecké vzťahy. Prínos pre riadenie ľudských zdrojov. Účinné nástroje komunikácie. Úlohy pe...
Enregistré dans:
| Auteur principal: | |
|---|---|
| Format: | Chapitre de livre |
| Langue: | tchèque |
| Sujets: | |
| Tags: |
Pas de tags, Soyez le premier à ajouter un tag!
|
MARC
| LEADER | 00000naa a2200000 4500 | ||
|---|---|---|---|
| 001 | r023925 | ||
| 005 | 20221213083105.5 | ||
| 041 | 0 | |a cze | |
| 044 | |a CZ | ||
| 245 | 1 | 0 | |a Komunikace a řízení lidských zdrojů |c B. Doktorová |
| 520 | |a Komunikácia je jednou zo základných podmienok fungovania organizácie. Komunikovanie je prvoradou úlohou riadenia. Komunikácia je sociálny proces. Formálna a neformálna komunikácia. Komunikácia podporuje zamestnanecké vzťahy. Prínos pre riadenie ľudských zdrojov. Účinné nástroje komunikácie. Úlohy personálneho riadenia. | ||
| 610 | 2 | 0 | |a komunikácia |
| 610 | 2 | 0 | |a riadenie |
| 610 | 2 | 0 | |a organizácia |
| 610 | 2 | 0 | |a vzťahy pracovné |
| 610 | 2 | 0 | |a zdroje ľudské |
| 610 | 2 | 0 | |a metódy riadenia |
| 610 | 2 | 0 | |a informácie vnútropodnikové |
| 100 | 1 | |a Doktorová, B. | |